| 000 | 00919nam a2200217Ia 4500 | ||
|---|---|---|---|
| 999 |
_c38769 _d38769 |
||
| 001 | 5118 | ||
| 003 | GE_BSU | ||
| 005 | 20190620161006.0 | ||
| 008 | 181216s1958||||ge |||||||||||||| ||geo|| | ||
| 040 | _cGE_BSU | ||
| 041 | _ageo | ||
| 080 | _a621.791 ღ-99 | ||
| 100 |
_aღუღუნიშვილი, გ. _92674 |
||
| 245 |
_aლითონების შედუღება, ჭრა და რჩილვა / _cგ. ღუღუნიშვილი ; რედ. გ. გედევანიშვილი |
||
| 264 |
_aთბილისი : _bცოდნა, _c1958. |
||
| 300 |
_a289 გვ. : _bილ. ; _c24 სმ. |
||
| 504 | _aბიბლიოგრ. : გვ. 286. | ||
| 653 | _aლითონების შედუღება, ჭრა და რჩილვა | ||
| 700 |
_aგედევანიშვილი, გ. _eრედაქტორი _92675 |
||
| 942 |
_cBK _2udc |
||